000 00318nam a22001337a 4500
008 170815b xxu||||| |||| 00| 0 eng d
020 _a2900781748406
041 _aeng
080 _25TH
_a311
100 _a36
101 _aSTA
245 _aSTATISTICAL METHODS FOR HEALTH CARE RESEARCH
_cMUNRO,B.H
942 _2udc
_cBK
999 _c23481
_d23481